00967nam a22002655i 450000100090000000300100000900500170001900800410003602000180007703500230009504000230011808200200014110000220016124500520018325000110023526400460024630000190029233600210031133700250033233800230035750500680038052002000044865400330064870000200068117910745KOIUYHNLK20220326193247.0131011s2012 cr 000 0 spa  a9789968681018 a(NcChVT)VT132CR142 aDLCbengcDLCerda aAr861.44bB664b1 aBoccanera, Jorge.10aBestias en un hotel de paso /cJorge Boccanera. a1a ed. 1aSan José :bEditorial Arlekín,c2012. a69 pages ;ccm atext2rdacontent aunmediated2rdamedia avolume2rdacarrier tVoces de la cieganochetSangresecatBestias en un Hotel de Paso aA book of verse by a noted Argentine poet (1952), the author of more than forty published volumes in eleven countries. Since Argentina's "dirty war" Boccanera has resided primarily in Costa Rica. xPoesiaxliteratura argentina aJorge Boccanera